00255 a2200121 450000100060000002000150000604000220002124000330004324500280007630000090010436200090011365000110012260248 a852100057X cAnchieta - Pituba10aIntérpretes do Brasillpor10aIntérpretes do Brasil a13830 a2002 4aBrasil